Statistics for Director by Films #3

Click here to take the quiz!

General Stats

  • This quiz has been taken 26 times
  • The average score is 12 of 20

Answer Stats

FilmsDirector% Correct
Manhattan, Bullets Over BroadwayWoody Allen
96%
Empire of the Sun, 1941Steven Spielberg
83%
Tropic Thunder, ZoolanderBen Stiller
78%
Modern Times, The KidCharlie Chaplin
78%
Amores Perros, The RevenantAlejandro González Iñarritu
70%
The Fly, A History of ViolenceDavid Cronenberg
65%
Lady Bird, Little WomenGreta Gerwig
65%
The Maltese Falcon, The Man Who Would Be KingJohn Huston
65%
Zero Dark Thirty, The Hurt LockerKathryn Bigelow
65%
My Neighbor Totoro, Spirited AwayHayao Miyazaki
61%
Dogday Afternoon, 12 Angry MenSidney Lumet
61%
Dogville, AntichristLars von Trier
57%
Talk to Her, Volver (AKA To Return)Pedro Almodóvar
57%
Hunger, 12 Years a SlaveSteve McQueen
57%
What We Do in the Shadows, Jojo RabbitTaika Waititi
57%
Casablanca, The Adventures of Robin HoodMichael Curtiz
52%
Badlands, A Hidden LifeTerrence Malick
52%
Henry V, HamletLaurence Olivier
48%
A Man Escaped, Au Hasard BalthazarRobert Bresson
30%
Beau Travail, High LifeClaire Denis
22%

Score Distribution

Percentile by Number Answered

Percent of People with Each Score

Your Score History

You have not taken this quiz